Freguesias de Aveiro - Statistics

Estatísticas Gerais
  • Esse quiz foi jogado 38 vezes
  • A pontuação média é 9 de 14
Estatísticas das Respostas
Número Freguesia % Correto
6 Glória
88%
14 Vera Cruz
79%
5 Esgueira
75%
11 São Bernardo
75%
1 Aradas
67%
2 Cacia
67%
4 Eixo
67%
9 Oliveirinha
67%
13 Santa Joana
67%
3 Eirol
58%
12 São Jacinto
54%
7 Nariz
42%
8 Nossa Senhora de Fátima
33%
10 Requeixo
25%
Nenhum quiz correspondente encontrado
Distribuição das Pontuações
Porcentagem de Pessoas com Cada Pontuação
Percentil de Números Respondidos
Sua Pontuação Histórica
Você não jogou esse quiz